[Event "Let's Play Chess!"]
[Site "http://www.queenalice.com/game.php?id=100190"]
[Date "2006.8.28"]
[Round "-"]
[White "joffly"]
[Black "ctz"]
[Result "0-1"]
[WhiteElo "1653"]
[BlackElo "1567"]

1. e4 Nf6 2. Nc3 e5 3. Nf3 Nc6 4. Bb5 Nd4 5. Nxe5 Qe7 6. Nf3 Nxb5 7. Nxb5 Qxe4+
8. Kf1 Qc6 9. Qe2+ Be7 10. Nc3 d5 11. Ne5 Qc5 12. d3 Be6 13. Nf3 O-O 14. Be3 Qb4
15. Rb1 a6 16. a3 Qd6 17. Ne5 d4 18. Nc4 Qd8 19. Bxd4 Qxd4 20. h3 Bc5 21. Na4
Ba7 22. c3 Qd8 23. Ne5 Bb3 24. Re1 Bxa4 25. g3 Re8 26. d4 Nd7 27. f4 Nxe5 28.
fxe5 Qd5 29. Rh2 Bb5 0-1

[Event "Let's Play Chess!"]
[Site "http://www.queenalice.com/game.php?id=100192"]
[Date "2006.8.27"]
[Round "-"]
[White "BuzzKiller"]
[Black "ctz"]
[Result "0-1"]
[WhiteElo "1285"]
[BlackElo "1601"]

1. Nf3 d5 2. d4 c5 3. Bf4 Nc6 4. e3 Bg4 5. Be2 e6 6. Ne5 Bxe2 7. Qxe2 Nf6 8. Bg5
cxd4 9. c3 Nxe5 10. b3 dxc3 11. Nxc3 a6 12. O-O Be7 13. Bxf6 Bxf6 14. Na4 b5 15.
Nb2 O-O 16. Rad1 Qb6 17. h3 Rac8 18. Rc1 Rc6 19. Nd3 Rfc8 20. Rxc6 Rxc6 21. Nb4
Rc7 22. Nc2 Rc3 23. Nd4 Nd7 24. Qd2 Qc7 25. f4 h6 26. f5 Nf8 27. Rf3 Rc1+ 28.
Kf2 Qc3 29. Ke2 Bxd4 30. exd4 Qxd2+ 31. Kxd2 Ra1 32. fxe6 Rxa2+ 33. Kc3 Nxe6 34.
Rf5 Rxg2 35. Rxd5 Rg3+ 36. Kb4 Rxh3 37. Ka5 Rxb3 38. Kxa6 Rd3 39. Rd7 Rxd4 40.
Rb7 h5 0-1

[Event "Let's Play Chess!"]
[Site "http://www.queenalice.com/game.php?id=100568"]
[Date "2006.8.29"]
[Round "-"]
[White "ctz"]
[Black "ThulsaDoom"]
[Result "0-1"]
[WhiteElo "1626"]
[BlackElo "1445"]

1. c4 d6 2. Nc3 Nf6 3. d4 Bf5 4. Bg5 Nbd7 5. Nf3 h6 6. Bh4 e6 7. e3 Be7 8. Be2
c5 9. O-O O-O 10. h3 Ne4 11. Bxe7 Qxe7 12. Nxe4 Bxe4 13. Rc1 f5 14. Qd2 Nf6 15.
Rc3 Bc6 16. Qc1 Ne4 17. Rc2 Qf6 18. Rd1 a5 19. Nd2 a4 20. a3 Qg6 21. f3 Ng5 22.
Kh2 Nh7 23. Nf1 Nf6 24. g4 fxg4 25. fxg4 Ne4 26. Bd3 Qg5 27. Ng3 Nxg3 28. Kxg3
Rf3+ 29. Kh2 Qh4 30. d5 exd5 31. cxd5 Bxd5 32. Bh7+ Kxh7 33. Rxd5 Raf8 34. Rg2
Qxh3+ 35. Kg1 Rg3 36. Qc2+ Kh8 37. Rxd6 Rxg2+ 38. Qxg2 Qxe3+ 0-1

[Event "Let's Play Chess!"]
[Site "http://www.queenalice.com/game.php?id=100569"]
[Date "2006.8.29"]
[Round "-"]
[White "eduxarapov"]
[Black "ctz"]
[Result "0-1"]
[WhiteElo "1189"]
[BlackElo "1603"]

1. e4 Nf6 2. Nc3 e5 3. Nf3 Nc6 4. Bc4 Bc5 5. O-O O-O 6. d3 a6 7. a3 h6 8. Nh4 d6
9. Na4 Ba7 10. Nc3 Nxe4 0-1

[Event "Let's Play Chess!"]
[Site "http://www.queenalice.com/game.php?id=101712"]
[Date "2006.9.2"]
[Round "-"]
[White "ctz"]
[Black "renato"]
[Result "1-0"]
[WhiteElo "1607"]
[BlackElo "1538"]

1. c4 e6 2. Nc3 Qf6 3. Nf3 Nc6 4. g3 Bb4 5. Bg2 Nh6 6. O-O O-O 7. Ne4 Qf5 8. d3
d5 9. cxd5 Qxd5 10. a3 Be7 11. Bxh6 gxh6 12. Rc1 b6 13. Qd2 f5 14. Nc3 Qd8 15.
Qxh6 Rf6 16. Qd2 Bb7 17. Rfd1 Na5 18. Qc2 Rc8 19. b4 Nc6 20. e3 Nb8 21. d4 Bxf3
22. Bxf3 a5 23. bxa5 bxa5 24. a4 Na6 25. Nb5 Bd6 26. Nxd6 Qxd6 27. Rb1 Nb4 28.
Qc4 Rff8 29. Rdc1 Qe7 30. Rb3 Qd6 31. Qb5 Rb8 32. Qxa5 Nc6 33. Rxc6 Qd8 34. Rxb8
Qxb8 35. Rxc7 Qb1+ 36. Kg2 Qb8 37. Rb7 Qc8 38. Qa7 Qxb7 39. Qxb7 Rf7 40. Qc8+
Rf8 41. Qxe6+ 1-0

[Event "Let's Play Chess!"]
[Site "http://www.queenalice.com/game.php?id=101713"]
[Date "2006.9.2"]
[Round "-"]
[White "tkcsapphire"]
[Black "ctz"]
[Result "0-1"]
[WhiteElo "1082"]
[BlackElo "1654"]

1. e4 Nf6 2. Nc3 e5 3. Nf3 Nc6 4. a4 Bb4 5. d3 O-O 6. h4 d5 7. g3 d4 8. Be2 dxc3
9. Ng1 cxb2+ 10. c3 Bxc3+ 0-1

[Event "Let's Play Chess!"]
[Site "http://www.queenalice.com/game.php?id=101714"]
[Date "2006.9.2"]
[Round "-"]
[White "ctz"]
[Black "Alexandredasilvagomes"]
[Result "1-0"]
[WhiteElo "1592"]
[BlackElo "1461"]

1. c4 e5 2. Nc3 Nf6 3. g3 c6 4. Bg2 d5 5. cxd5 cxd5 6. Qb3 e4 7. f3 exf3 8. Bxf3
d4 9. Bxb7 Bxb7 10. Qxb7 Nbd7 11. Nb5 Rc8 12. Qxa7 Bc5 13. Qa4 O-O 14. Nxd4 Nb6
15. Qb5 Bxd4 16. Nf3 Bc5 17. a4 Qd5 18. b4 Bd6 19. Qxb6 Rb8 20. Qd4 Qxd4 21.
Nxd4 Be5 22. e3 Rfd8 23. b5 Bxd4 24. exd4 Rxd4 25. Bb2 Re4+ 26. Kd1 Ng4 27. Rf1
Rbe8 28. b6 Rb4 29. Rf4 Rxb2 30. Rxg4 Rxb6 31. a5 Ra6 32. Rb4 1-0

[Event "Let's Play Chess!"]
[Site "http://www.queenalice.com/game.php?id=101715"]
[Date "2006.9.2"]
[Round "-"]
[White "Batoteiro"]
[Black "ctz"]
[Result "0-1"]
[WhiteElo "960"]
[BlackElo "1592"]

1. d4 Nf6 2. Bf4 g6 3. c4 Bg7 4. e3 O-O 5. Nf3 d5 6. Bd3 dxc4 7. Bxc4 Bg4 8. h3
Bd7 9. O-O e6 10. Nc3 a6 11. Ne5 Be8 12. Qa4 Bxa4 13. Nxa4 b5 14. Nc6 Nxc6 15.
Rad1 bxc4 16. Rc1 Nd5 17. g3 Nxf4 0-1

[Event "Let's Play Chess!"]
[Site "http://www.queenalice.com/game.php?id=138851"]
[Date "2006.12.9"]
[Round "-"]
[White "ctz"]
[Black "koshnarek"]
[Result "1-0"]
[WhiteElo "1609"]
[BlackElo "1532"]

1. c4 d5 2. cxd5 Qxd5 3. Nc3 Qf5 4. Nf3 e6 5. d4 Nf6 6. a3 Ne4 7. Qc2 Nxc3 8.
Qxf5 exf5 9. bxc3 f6 10. Bf4 Bd6 11. Bxd6 cxd6 12. e3 g5 13. Bc4 a6 14. h4 g4
15. Ng1 b5 16. Bd5 Ra7 17. c4 bxc4 18. Bxc4 Rb7 19. Ne2 Ke7 20. Kd2 Be6 21. Rhc1
Rc8 22. Bxe6 Rxc1 23. Rxc1 Kxe6 24. Nf4+ Kf7 25. Kd3 Rb3+ 26. Rc3 Rxc3+ 27. Kxc3
Nd7 28. Kb4 Ke7 29. Ka5 Nb8 30. Kb6 Kd7 31. Kb7 Nc6 32. Kxa6 Nb8+ 33. Kb7 Nc6
34. Kb6 Ne7 35. a4 Nc8+ 36. Kb7 Ne7 37. a5 Nc8 38. a6 Kd8 39. Nd5 h6 40. Nxf6 h5
41. Nxh5 Kd7 42. Nf6+ Kd8 43. h5 d5 44. h6 1-0

[Event "Let's Play Chess!"]
[Site "http://www.queenalice.com/game.php?id=138853"]
[Date "2006.12.9"]
[Round "-"]
[White "ctz"]
[Black "CampbellMarcel"]
[Result "1-0"]
[WhiteElo "1622"]
[BlackElo "652"]

1. c4 f5 2. Nc3 Nf6 3. d4 h6 4. Nf3 b6 5. Qc2 e6 6. h3 Bb7 7. Ne5 g5 8. Bd2 Ne4
9. Nxe4 Bxe4 10. Qc3 a5 11. e3 Bb4 12. Qc1 d6 13. Bxb4 axb4 14. Nd3 c5 15. b3
Nc6 16. Qb2 Ra7 17. Nc1 cxd4 18. exd4 Qa8 19. f3 Bxf3 20. gxf3 Kd7 21. Bg2 f4
22. Kf2 1-0

[Event "Let's Play Chess!"]
[Site "http://www.queenalice.com/game.php?id=138854"]
[Date "2006.12.9"]
[Round "-"]
[White "zmeyko"]
[Black "ctz"]
[Result "1-0"]
[WhiteElo "1637"]
[BlackElo "1598"]

1. d4 Nf6 2. c4 g6 3. Nf3 Bg7 4. g3 O-O 5. Bg2 d5 6. O-O dxc4 7. Na3 Be6 8. Ng5
Bd5 9. e4 h6 10. exd5 hxg5 11. Bxg5 Nxd5 12. Nxc4 Re8 13. Ne3 Nxe3 14. fxe3 c6
15. Qb3 1-0

[Event "Let's Play Chess!"]
[Site "http://www.queenalice.com/game.php?id=138855"]
[Date "2006.12.9"]
[Round "-"]
[White "ctz"]
[Black "kokkieschaak"]
[Result "0-1"]
[WhiteElo "1607"]
[BlackElo "1772"]

1. c4 c5 2. Nc3 Nc6 3. Nf3 g6 4. g3 Bg7 5. Bg2 Nf6 6. O-O O-O 7. d4 cxd4 8. Nxd4
Qc7 9. Nf3 a6 10. Rb1 d6 11. b3 Bf5 12. Bb2 Bxb1 13. Nxb1 Rad8 14. Qc2 Nb4 0-1

[Event "Let's Play Chess!"]
[Site "http://www.queenalice.com/game.php?id=138857"]
[Date "2006.12.9"]
[Round "-"]
[White "CampbellMarcel"]
[Black "ctz"]
[Result "0-1"]
[WhiteElo "650"]
[BlackElo "1624"]

1. e4 Nf6 2. Nc3 e5 3. d3 Bb4 4. a3 Ba5 5. b4 Bb6 6. Nf3 d6 7. Be2 O-O 8. O-O
Nc6 9. Nd5 Nxd5 10. exd5 Nd4 11. c3 Nf5 12. a4 a6 13. Bg5 Qe8 14. g4 Ne7 15. a5
Ba7 16. h4 Bxg4 17. Nxe5 Bxe2 18. Qxe2 dxe5 19. Rae1 Nxd5 20. Qb2 f6 0-1

[Event "Let's Play Chess!"]
[Site "http://www.queenalice.com/game.php?id=166900"]
[Date "2007.2.11"]
[Round "-"]
[White "BuzzKiller"]
[Black "ctz"]
[Result "0-1"]
[WhiteElo "1529"]
[BlackElo "1598"]

1. Nf3 d5 2. h3 c5 3. Ne5 Qd6 4. d4 g6 5. e3 Bg7 6. Nc3 a6 7. Qf3 Nf6 8. b3 O-O
9. Bd3 b5 10. e4 cxd4 11. Bf4 Qb4 12. O-O dxc3 13. a3 Qd4 14. Rad1 dxe4 15. Bxe4
Qxe4 16. Rd3 Qxf3 17. Nxf3 Ne4 18. Ng5 Nxg5 19. Bxg5 Bf5 20. Rxc3 Bxc3 21. Bxe7
Re8 22. Bd6 Bxc2 23. Rc1 Re1+ 24. Rxe1 Bxe1 0-1

[Event "Let's Play Chess!"]
[Site "http://www.queenalice.com/game.php?id=166902"]
[Date "2007.2.11"]
[Round "-"]
[White "Lightningzap007"]
[Black "ctz"]
[Result "1-0"]
[WhiteElo "1623"]
[BlackElo "1652"]

1. Nf3 d5 2. g3 Nf6 3. Bg2 g6 4. O-O c5 5. d3 Nc6 6. Nbd2 Bg7 7. c4 d4 8. a3 O-O
9. Qa4 a6 10. b4 cxb4 11. axb4 a5 12. b5 Nb8 13. Bb2 Ne8 14. c5 Be6 15. Bxd4
Bxd4 16. Qxd4 Qc7 17. Ng5 Bd7 18. b6 Qc8 19. Nc4 Nc6 20. Bxc6 Bxc6 21. Rxa5 Nf6
22. Rxa8 Qxa8 23. Ra1 Qc8 24. Na5 Rd8 25. Nxc6 bxc6 26. b7 1-0

[Event "Let's Play Chess!"]
[Site "http://www.queenalice.com/game.php?id=179899"]
[Date "2007.3.11"]
[Round "-"]
[White "ctz"]
[Black "Carlos75"]
[Result "0-1"]
[WhiteElo "1626"]
[BlackElo "2355"]

1. c4 e5 2. Nc3 Nf6 3. g3 d5 4. cxd5 Nxd5 5. Bg2 Nb6 6. Nf3 Nc6 7. O-O Be7 8. d3
O-O 9. Be3 Be6 10. Qd2 f6 11. Rac1 Qd7 12. a3 Na5 13. Qc2 Nb3 14. Rcd1 c5 15.
Nd2 Nd4 16. Qc1 Nd5 17. Nxd5 Nxe2+ 0-1

[Event "Let's Play Chess!"]
[Site "http://www.queenalice.com/game.php?id=179900"]
[Date "2007.3.10"]
[Round "-"]
[White "Girb"]
[Black "ctz"]
[Result "1/2-1/2"]
[WhiteElo "1884"]
[BlackElo "1639"]

1. d4 Nf6 2. c4 g6 3. Nc3 d5 4. e3 Bg7 5. c5 O-O 6. Nf3 b6 7. Bb5 c6 8. Be2 bxc5
9. dxc5 Ba6 10. O-O Bxe2 11. Nxe2 Na6 12. Qa4 Nxc5 13. Qxc6 Nd3 14. Qc3 Nxc1 15.
Raxc1 Ne4 16. Qa3 e6 17. Ned4 Qb6 18. Rc6 Qb7 19. Rfc1 Rfc8 20. R1c2 Rxc6 21.
Nxc6 Bf8 22. Qa5 Rc8 23. Nfd4 a6 24. b3 Bd6 25. f3 Nf6 26. f4 Ne4 27. b4 Rc7 28.
a4 Bf8 29. b5 axb5 30. axb5 Bc5 31. Qa6 Qb6 32. Qa8+ Kg7 33. Qa1 e5 34. fxe5
Bxd4 35. Nxd4 Rxc2 36. Nxc2 Qxb5 37. e6+ Kf8 38. exf7 Kxf7 39. Nd4 Qb6 40. g4
Qf6 41. Qb2 h5 42. gxh5 gxh5 43. Qg2 Ke7 44. Qa2 Qg6+ 45. Kf1 Qf7+ 46. Ke1 Qf6
47. Qa7+ Kf8 48. Qb8+ Kf7 49. Qf4 Qxf4 50. exf4 Kf6 51. h3 1/2-1/2

[Event "Let's Play Chess!"]
[Site "http://www.queenalice.com/game.php?id=179901"]
[Date "2007.3.10"]
[Round "-"]
[White "ctz"]
[Black "Girb"]
[Result "1-0"]
[WhiteElo "1624"]
[BlackElo "1923"]

1. c4 c6 2. Nc3 d5 3. d4 Bf5 4. cxd5 cxd5 5. Qb3 b6 6. Qxd5 Qd7 7. Qxa8 Qc8 8.
Qxa7 Nd7 9. Nf3 Ngf6 10. e3 e6 11. Bb5 1-0